<?xml version="1.0" encoding="UTF-8"?>
<record
    xmlns:xsi="http://www.w3.org/2001/XMLSchema-instance"
    xsi:schemaLocation="http://www.loc.gov/MARC21/slim http://www.loc.gov/standards/marcxml/schema/MARC21slim.xsd"
    xmlns="http://www.loc.gov/MARC21/slim">

  <leader>04312nam a2200481 i 4500</leader>
  <controlfield tag="001">36733</controlfield>
  <controlfield tag="003">FINmELB</controlfield>
  <controlfield tag="005">20241216221437.0</controlfield>
  <controlfield tag="006">m     o  u        </controlfield>
  <controlfield tag="007">cr cn|||||||||</controlfield>
  <controlfield tag="008">220124s2020    ck     frb    001 0 spa d</controlfield>
  <datafield tag="020" ind1=" " ind2=" ">
    <subfield code="a">9789587942361</subfield>
  </datafield>
  <datafield tag="035" ind1=" " ind2=" ">
    <subfield code="a">(OCoLC)1298601927</subfield>
  </datafield>
  <datafield tag="040" ind1=" " ind2=" ">
    <subfield code="a">FINmELB</subfield>
    <subfield code="b">spa</subfield>
    <subfield code="e">rda</subfield>
    <subfield code="c">FINmELB</subfield>
  </datafield>
  <datafield tag="050" ind1=" " ind2="4">
    <subfield code="a">N7477</subfield>
    <subfield code="b">.M388 2020</subfield>
  </datafield>
  <datafield tag="082" ind1="0" ind2="4">
    <subfield code="a">701.1</subfield>
    <subfield code="2">23</subfield>
  </datafield>
  <datafield tag="100" ind1="1" ind2=" ">
    <subfield code="a">Mattoni, Silvio,</subfield>
    <subfield code="d">1969-</subfield>
    <subfield code="e">autor.</subfield>
  </datafield>
  <datafield tag="245" ind1="1" ind2="0">
    <subfield code="a">Ideas de cr&#xED;tica y arte en el Romanticismo y en Nietzsche /</subfield>
    <subfield code="c">Silvio Mattoni.</subfield>
  </datafield>
  <datafield tag="250" ind1=" " ind2=" ">
    <subfield code="a">Primera edici&#xF3;n.</subfield>
  </datafield>
  <datafield tag="264" ind1=" " ind2="1">
    <subfield code="a">Medell&#xED;n :</subfield>
    <subfield code="b">Universidad Nacional de Colombia. Facultad de Ciencias Humanas y Econ&#xF3;micas,</subfield>
    <subfield code="c">2020.</subfield>
  </datafield>
  <datafield tag="264" ind1=" " ind2="4">
    <subfield code="c">&#xA9;2020</subfield>
  </datafield>
  <datafield tag="300" ind1=" " ind2=" ">
    <subfield code="a">1 recurso en l&#xED;nea (95 p&#xE1;ginas)</subfield>
  </datafield>
  <datafield tag="336" ind1=" " ind2=" ">
    <subfield code="a">texto</subfield>
    <subfield code="b">txt</subfield>
    <subfield code="2">rdacontent/spa</subfield>
  </datafield>
  <datafield tag="337" ind1=" " ind2=" ">
    <subfield code="a">computadora</subfield>
    <subfield code="b">c</subfield>
    <subfield code="2">rdamedia/spa</subfield>
  </datafield>
  <datafield tag="338" ind1=" " ind2=" ">
    <subfield code="a">recurso en l&#xED;nea</subfield>
    <subfield code="b">cr</subfield>
    <subfield code="2">rdacarrier/spa</subfield>
  </datafield>
  <datafield tag="504" ind1=" " ind2=" ">
    <subfield code="a">Incluye referencias bibliogr&#xE1;ficas e &#xED;ndice anal&#xED;tico.</subfield>
  </datafield>
  <datafield tag="505" ind1="0" ind2=" ">
    <subfield code="a">Pr&#xF3;logo -- Romanticismo temprano: de Schlegel a Szondi y Benjamin -- Nietzsche: arte, verdad y tragedia -- El animal que escribe.</subfield>
  </datafield>
  <datafield tag="520" ind1=" " ind2=" ">
    <subfield code="a">El hecho de que las ideas actuales sobre cr&#xED;tica y arte tienen su origen en el Romanticismo, luego reorientado hacia un m&#xE1;s all&#xE1; de la unidad metaf&#xED;sica de la naturaleza por Nietzsche, podr&#xED;a alcanzar para justificar su enfoque privilegiado en las lecciones que incluye este libro. En el caso de las reflexiones del joven Schlegel, alrededor del c&#xED;rculo de Jena, las pruebas estar&#xED;an a la vista, puesto que todas las consideraciones contempor&#xE1;neas acerca de los g&#xE9;neros literarios y sobre la fundamentaci&#xF3;n de una teor&#xED;a especulativa de la literatura, vale decir, sistem&#xE1;tica, encuentran su n&#xFA;cleo y su base de sustentaci&#xF3;n en aquellos estudios y en aquellos fragmentos, completados, por as&#xED; decir, por los esbozos de fragmentos en cuadernos publicados p&#xF3;stumamente. De tal modo, sin las reflexiones de Schlegel sobre una poes&#xED;a universal, que significa a la vez &#xFA;nica y absoluta, no se puede concebir la idea de literatura que va a sobrevolar, como un imperativo y una meta supremos, los dos siglos subsiguientes. Y en ese caso tambi&#xE9;n se destaca el in&#xE9;dito papel que se le atribuyen en los fragmentos y los ensayos de la revista Athenaeum al g&#xE9;nero hasta entonces subalterno de la novela. De all&#xED; que nos dedic&#xE1;semos a poner de relieve, en primer lugar, el problema de la funci&#xF3;n de la literatura, sus relaciones con la comunicaci&#xF3;n y con la formaci&#xF3;n, que marcan su tendencia a la indiferenciaci&#xF3;n con la filosof&#xED;a.</subfield>
  </datafield>
  <datafield tag="520" ind1=" " ind2=" ">
    <subfield code="a">La reflexi&#xF3;n sobre ese arte experimentable en todos y cada uno, en su impulso y en su medida, ser&#xED;a la filosof&#xED;a. Pero ya no la del hombre conceptual que se distancia del v&#xE9;rtigo metaf&#xF3;rico del lenguaje, que se protege as&#xED; del sufrimiento que afecta al intuitivo, al artista, sino una filosof&#xED;a de la apariencia esquem&#xE1;tica, apol&#xED;nea, en su exposici&#xF3;n m&#xE1;s bella l&#xF3;gicamente que, sin embargo, hace perceptible lo inimaginable, la locura de la verdad, la negaci&#xF3;n del individuo y su disoluci&#xF3;n en la p&#xE9;rdida del sentido, algo que no tiene forma pero que se acerca danzando, con sonido de flautas en la noche. De all&#xED; que la poes&#xED;a y la filosof&#xED;a sean dos maneras del mismo arte, dos aproximaciones a la lengua como obra de arte natural. El arrebato de la poes&#xED;a solo se hace perceptible por la mediaci&#xF3;n de una forma asumida, por la mesura. No hay exceso sin una enso&#xF1;aci&#xF3;n del l&#xED;mite. No hay retorno al origen sin una intuici&#xF3;n hist&#xF3;rica, aunque sea una alucinaci&#xF3;n de las sombras del pasado.</subfield>
  </datafield>
  <datafield tag="588" ind1=" " ind2=" ">
    <subfield code="a">Descripci&#xF3;n basada en metadatos suministrados por el editor y otras fuentes.</subfield>
  </datafield>
  <datafield tag="590" ind1=" " ind2=" ">
    <subfield code="a">Recurso electr&#xF3;nico. Santa Fe, Arg.: elibro, 2022. Disponible v&#xED;a World Wide Web. El acceso puede estar limitado para las bibliotecas afiliadas a elibro.</subfield>
  </datafield>
  <datafield tag="650" ind1=" " ind2="4">
    <subfield code="a">Filosof&#xED;a del arte.</subfield>
  </datafield>
  <datafield tag="650" ind1=" " ind2="0">
    <subfield code="a">Romanticism in art.</subfield>
  </datafield>
  <datafield tag="650" ind1=" " ind2="0">
    <subfield code="a">Art</subfield>
    <subfield code="x">Philosophy.</subfield>
  </datafield>
  <datafield tag="650" ind1=" " ind2="0">
    <subfield code="a">Art criticism.</subfield>
  </datafield>
  <datafield tag="650" ind1=" " ind2="4">
    <subfield code="a">Criticismo en el arte.</subfield>
  </datafield>
  <datafield tag="650" ind1=" " ind2="4">
    <subfield code="a">Romanticismo en el arte.</subfield>
  </datafield>
  <datafield tag="650" ind1=" " ind2="4">
    <subfield code="a">Est&#xE9;tica.</subfield>
  </datafield>
  <datafield tag="650" ind1=" " ind2="4">
    <subfield code="a">Cr&#xED;tica literaria.</subfield>
  </datafield>
  <datafield tag="655" ind1=" " ind2="4">
    <subfield code="a">Libros electr&#xF3;nicos.</subfield>
  </datafield>
  <datafield tag="797" ind1="2" ind2=" ">
    <subfield code="a">elibro, Corp.</subfield>
  </datafield>
  <datafield tag="856" ind1="4" ind2="0">
    <subfield code="u">https://elibro.net/ereader/politecnicointernacional/189609</subfield>
  </datafield>
  <datafield tag="999" ind1=" " ind2=" ">
    <subfield code="c">36733</subfield>
    <subfield code="d">36733</subfield>
  </datafield>
</record>
